| 000 | 00795nam a22001817a 4500 | ||
|---|---|---|---|
| 999 |
_c371229 _d371229 |
||
| 008 | 201127b ||||| |||| 00| 0 eng d | ||
| 040 |
_aDE-2950 _bger _cDE-2950 _erda |
||
| 041 | _ager | ||
| 245 |
_aCampusleben kehrt in den Winterschlaf. _bBildung: wegen der Corona-Lage schaltet auch die Viadrina in Frankfurt ab dieser Woche wieder weitgehend in den Online-Betrieb um. für einige Projektseminare ist die Präsenz in der Stadt aber eigentlich essentiell / _nNancy Waldmann |
||
| 264 | _c2021 | ||
| 653 | _aFrankfurt (Oder) | ||
| 653 | _aViadrina | ||
| 773 |
_dFrankfurt (Oder) Märkisches Verlags- und Druckhaus GmbH & Co KG _tMärkische Oderzeitung _g32. Jahrgang (2021) Nr. 291 vom 13.12.2021, S. 13 |
||
| 942 | _cA | ||